Responses for show #7491 - Monday, March 20, 2017

Contestants

[<< previous game]

Christiane Evaskis-Garrett, a content developer from Jackson, Michigan

Eli Rosenberger, a Naval flight officer from Oak Harbor, Washington

Rebecca Wald, a psychologist from Baltimore, Maryland (whose 1-day cash winnings total $31,200)

[next game >>]

Jeopardy! Round responses

FESTIVALS
TRICKY CLUES
19th CENTURY AUTHORS
AUTO-MATIC WORDS
(Alex: Each response will be the model of a car.)
GEOGRAPHY "B"
BARE-KNUCKLE FIGHTING
    $200 14
the Highland Games

Christiane
    $200 6
ants

Eli
    $200 1
Charles Dickens

Christiane
    $200 11
a fiesta

Rebecca
    $200 21
(Rebecca: What is Santiago?)

Bogotá

Rebecca
Triple Stumper
    $200 22
(Alex: Less than a minute now.)

Bob Barker

Christiane
    $400 15
chitlins

Eli
    $400 7
snake eyes

Rebecca
    $400 2
(Eli: Who is Elizabeth Brontë?)

Emily Brontë

RebeccaEli
    $400 12
an accent

Triple Stumper
    $400 26
Indiana Jones

Rebecca
    $600 18
(Eli: What is Detroit?)

Holland

Eli
    $600 8
leave

Christiane
    $600 3
(Christiane: Who is Doyevsky?)

Dostoevsky

EliChristiane
    $600 13
the phantom

Triple Stumper
    $600 25
John Wayne

Christiane
    $800 19
Johnny Appleseed Festival

Rebecca
    $800 9
(Eli: What is the Marine Corps?)
(Rebecca: What is the Coast Guard?)

the Navy

RebeccaEliChristiane
    $800 5
Thomas Hardy

Rebecca
    $800 16
(Eli: What is suburban?)

civic

Eli
Triple Stumper
    $800 24
Mr. Smith

Christiane
    $1000 20
Wyatt Earp

Christiane
    $1000 10
MoMA (the Museum of Modern Art)

Triple Stumper
    $1000 4
Horatio Alger

Rebecca
    $1000 17
the Viper

Eli
    $1000 27
(Christiane: What is Prince Barren Island?)
[The end-of-round signal sounds.]

Baffin Island

Christiane
Triple Stumper
    $1000 23
Nick Nolte

Triple Stumper

Scores at the first commercial break (after clue 15):

Rebecca Eli Christiane
$2,000 $0 $1,200

Scores at the end of the Jeopardy! Round:

Rebecca Eli Christiane
$3,000 -$400 $2,800

Double Jeopardy! Round responses

PRE-CIVIL WAR AMERICA
NFL EN ESPAÑOL
ISLAND PRISONS
CURRENT BIOGRAPHIES
STARTS & ENDS WITH "F"
BARNACLE FIGHTING
    $400 1
(Christiane: What is the Mississippi?)

the Missouri

Christiane
Triple Stumper
    $400 9
the (Kansas City) Chiefs

Rebecca
    $400 17
Alcatraz

Christiane
    $400 26
Michael Phelps

Rebecca
    $400 3
the face-off

Eli
    $400 12
copper

Eli
    $800 2
Horace Greeley

Rebecca
    $2,000 18
the (Dallas) Cowboys

Christiane
    $800 22
Australia

Eli
    $2,000 27
(Alex: We're running out of time.)

Elon Musk

Rebecca
    $800 4
foolproof

Eli
    $800 13
the gooseneck barnacle

Triple Stumper
    $1200 5
Pennsylvania

Triple Stumper
    $1200 19
the (San Francisco) 49ers

Rebecca
    $1200 23
(Eli: What is Pretoria?)
(Rebecca: What is Bloemfontein?)
(Christiane: What is Johannesburg?)

Cape Town

RebeccaEliChristiane
Triple Stumper
    $1200 28
the Boer War

Eli
    $1200 8
Flagstaff

Christiane
    $1200 14
Roomba

Eli
    $1600 6
Nathan Hale

Rebecca
    $1600 20
the Philadelphia Eagles

Triple Stumper
    $1600 24
the Dry Tortugas

Eli
    $1600 29
Al Capone

Christiane
    $1600 10
the flyleaf

Rebecca
    $1600 15
a sea otter

Christiane
    $2000 7
(Alex: Named for John Jacob Astor--[*].)

Fort Astoria

Triple Stumper
    $2000 21
(Christiane: What are the Bears?)

Ravens

Christiane
Triple Stumper
    $2000 25
Italy

Triple Stumper
    $2000 30
Megyn Kelly

Rebecca
    $2000 11
a fief

Rebecca
    $2000 16
keelhauling

Rebecca

Scores at the end of the Double Jeopardy! Round:

Rebecca Eli Christiane
$15,800 $4,800 $6,000
(lock game)

[wagering suggestions for these scores]

Final Jeopardy! Round responses

PAPAL NAMES
(Alex: [To Eli] Paulus is Latin, of course, and it's not the same in English.)
...
(Alex: [To Christiane] No, Johannes, John, not the same.)
...
(Alex: The last pope of this name was in the '40s--Pope [*] XII.)
EliWhat is Paul
$4,700
ChristianeWhat is John?
$5,998
RebeccaWhat is Leo?
$3,700
Pius

Final scores:

Rebecca Eli Christiane
$12,100 $100 $2
2-day champion: $43,300 2nd place: $2,000 3rd place: $1,000

Game dynamics:

Coryat scores:

Rebecca Eli Christiane
$14,600 $5,400 $4,800
17 R
(including 1 DD),
3 W
11 R,
5 W
(including 1 DD)
13 R
(including 1 DD),
5 W

Combined Coryat: $24,800

The J! Archive is created by fans, for fans. The Jeopardy! game show and all elements thereof, including but not limited to copyright and trademark thereto, are the property of Jeopardy Productions, Inc. and are protected under law. This website is not affiliated with, sponsored by, or operated by Jeopardy Productions, Inc. Join the discussion at JBoard.tv.